Les 100 prénoms féminins les plus donnés en 2006 - Statistiques

Statistiques générales
  • Ce quiz a été pris 776 fois
  • Le résultat moyen est 64 sur 100
Statistiques - réponses
# 1ère lettre Prénom % Correct
1 E Emma
97%
20 J Julie
95%
2 L Léa
95%
36 L Lou
95%
5 C Chloé
91%
14 M Marie
91%
4 M Manon
90%
47 A Anna
89%
6 C Camille
89%
19 Z Zoé
88%
3 C Clara
87%
22 L Louise
86%
23 J Juliette
85%
7 I Inès
84%
32 P Pauline
84%
65 S Sara
84%
9 J Jade
82%
18 L Lisa
81%
12 L Lucie
81%
50 J Julia
80%
10 L Lola
80%
17 R Romane
79%
29 C Charlotte
78%
28 L Léna
78%
35 J Jeanne
77%
26 L Laura
77%
13 O Océane
77%
8 S Sarah
76%
41 A Alice
75%
40 E Elisa
75%
53 E Elise
75%
37 J Justine
75%
21 M Mathilde
74%
46 M Marine
73%
34 N Noémie
73%
25 C Clémence
72%
16 E Eva
72%
64 V Valentine
72%
33 L Lina
70%
89 L Lise
69%
95 O Olivia
69%
39 E Emilie
68%
90 R Rose
68%
11 A Anaïs
67%
48 N Nina
66%
82 V Victoria
66%
54 M Margaux
65%
58 M Marion
65%
44 A Alicia
64%
24 C Célia
64%
52 M Margot
64%
30 A Ambre
63%
42 C Carla
63%
15 L Lilou
63%
38 L Louna
63%
60 L Luna
63%
43 M Maëlle
63%
71 A Amélie
62%
27 M Maëlys
62%
51 L Louane
61%
61 E Eloïse
60%
55 L Lana
60%
74 L Lily
60%
98 H Héloïse
59%
85 G Gabrielle
58%
78 E Eléna
56%
31 M Maëva
56%
81 N Ninon
56%
57 E Elsa
55%
59 L Léane
55%
63 Y Yasmine
55%
56 A Agathe
54%
77 F Fanny
53%
45 M Mélissa
52%
62 A Amandine
51%
97 C Claire
49%
69 L Léonie
48%
88 C Clémentine
47%
49 M Morgane
47%
84 S Sofia
47%
83 C Cloé
46%
75 S Solène
46%
67 S Salomé
45%
73 M Mélina
44%
93 M Méline
44%
76 A Alexia
42%
87 C Coline
41%
80 C Capucine
40%
86 F Flavie
39%
94 L Laurine
38%
99 M Maya
38%
68 A Anaëlle
37%
66 C Candice
35%
79 C Cassandra
35%
96 C Clarisse
34%
92 A Andréa
33%
70 L Loane
33%
100 E Emeline
32%
91 M Myriam
24%
72 A Angélina
15%
Aucun quiz correspondant
Distribution des résultats
% des personnes avec chaque résultat
Percentile par nombre de réponses
Votre historique - résultats
Vous n’avez pas pris ce quiz